000 00710nam a22002057a 4500
005 20100730110737.0
010 _aENG-97440
020 _a8189915045
_c1080.00
035 _aEN-80973
037 _bDBAD/PUB
082 _a338.4791
100 _aPasricha, Ashu
_93287
245 _aInternational tourism /
_cby Ashu Pasricha
260 _aNew Delhi
_bRegal Pubications
_c2009
270 _aA-49/1, Mayapuri, Phase-1,
_bNew Delhi
_e110 064
300 _avii, 314p.
_c23 cm (Hb)
500 _aIncludes Index
942 _2ddc
_cEN
_h338.4791
_mPAS
999 _c38200
_d38200